Pahang Darul Makmur

Bibliographic Details
Main Author: Suraya
Format: Book
Published: Kuala Lumpur : Penerbitan Hartamas , 1995
Series:Siri tanah airku
Subjects:

MARC

LEADER 00000cam a2200000 7i4500
001 0000066621
005 20161005.0
008 161005
020 |a 9830340635(set) 
020 |a 9830340732 
090 0 0 |a PLC   |b MAL 
100 1 |a Suraya 
245 1 0 |a Pahang Darul Makmur   |c Suraya 
260 |a Kuala Lumpur :   |b Penerbitan Hartamas ,   |c 1995 
300 |a 35pg. :   |b col. ill. 
490 1 |a Siri tanah airku 
500 |a Children ages 7-9 years old (orange) 
650 0 |a Pahang   |x History 
999 |a 0000585243   |b Book   |c Children Collection   |e Cawangan Bandar Penawar 
999 |a 0000585261   |b Book   |c Children Collection   |e Cawangan Tmn. Ungku Tun Aminah 
999 |a 0000585262   |b Book   |c Children Collection   |e Cawangan Pontian 
999 |a 0000797849   |b Book   |c Children Collection   |e Cawangan Segamat 
999 |a 0000799269   |b Book   |c Children Collection   |e Cawangan Pontian 
999 |a 0000817258   |b Book   |c Children Collection   |e Cawangan Bandar Penawar 
999 |a 0000818926   |b Book   |c Children Collection   |e Cawangan Mersing 
999 |a 0000931912   |b Book   |c Children Collection   |e Cawangan Tangkak 
999 |a 0000931913   |b Book   |c Children Collection   |e Cawangan Tangkak 
999 |a 0000931914   |b Book   |c Children Collection   |e Cawangan Tangkak 
999 |a 0000946292   |b Book   |c Children Collection   |e Cawangan Taman Sri Lambak 
999 |a 0000946293   |b Book   |c Children Collection   |e Cawangan Taman Sri Lambak 
999 |a 0000946294   |b Book   |c Children Collection   |e Cawangan Taman Sri Lambak